A study of multi-stage sampling and dimensional analysis of puckerbrush stands /

Bibliographic Details
Main Author: Ribe, John H.
Corporate Author: University of Maine at Orono. Complete Tree Institute
Format: Book
Language:English
Published: [Orono, Maine] : Complete Tree Institute, University of Maine at Orono, 1979.
Series:Bulletin (University of Maine at Orono. Complete Tree Institute) ; no. 1.
Subjects:

MARC

Tag First Indicator Second Indicator Subfields
LEADER 00000cam a2200000 a 4500
001 in00000077247
005 20151008060608.0
008 790326s1979 meud 00010 eng d
035 |a (OCoLC)04780954 
035 |9 AAJ6114AM 
040 |a MEU  |c MEU  |d TXA  |d UtOrBLW 
049 |a TXAM  |c [388061] 
090 |a SD551  |b .R5 1979 
100 1 |a Ribe, John H. 
245 1 2 |a A study of multi-stage sampling and dimensional analysis of puckerbrush stands /  |c by John H. Ribe. 
264 1 |a [Orono, Maine] :  |b Complete Tree Institute, University of Maine at Orono,  |c 1979. 
300 |a 108 pages :  |b illustrations, charts ;  |c 23 cm. 
336 |a text  |b txt  |2 rdacontent 
337 |a unmediated  |b n  |2 rdamedia 
338 |a volume  |b nc  |2 rdacarrier 
490 1 |a Bulletin / Complete Tree Institute, University of Maine at Orono ;  |v no. 1 
500 |a Originally presented as the author's thesis (M.S.-- University of Maine at Orono) 
650 0 |a Forests and forestry  |x Measurement. 
650 0 |a Biometry. 
650 0 |a Sampling (Statistics) 
710 2 |a University of Maine at Orono.  |b Complete Tree Institute. 
830 0 |a Bulletin (University of Maine at Orono. Complete Tree Institute) ;  |v no. 1. 
999 |a MARS 
999 f f |s f14bd89f-cca8-3264-8468-c53ac712b9e5  |i 91ab0f71-d2e8-3bc9-a677-7ebe8cef582f  |t 0 
952 f f |p ric  |a Texas A&M University  |b Rellis Campus  |c Joint Library Facility  |d Remote Storage  |t 0  |e SD551 .R5 1979  |h Library of Congress classification  |i unmediated -- volume  |m A14806237694 
998 f f |a SD551 .R5 1979  |t 0  |l Remote Storage